000 00938nmm a2200277 a 4500
001 ocm000588581
003 TR-IsHL
005 20201028131338.0
008 131028s2007 tu tur
007 cr cn
020 _a9789944118255
035 _a588581
_b(N$T)
050 0 4 _aRG732
_b.B47 2007
090 0 4 _aRG732
_b.B47 2007
100 1 _aBerksoy, Nezih
245 1 0 _aAğrısız doğum mutluluğu: doğumunuzu yaşayın ama sancısını asla!
_h[electronic resource] /
_cNezih Berksoy
250 _a1. bs.
260 _aİstanbul :
_bBabıali Kültür Yayıncılığı,
_c2007
300 _a128 p.
650 4 _aTıp
650 4 _aMedicine
650 0 _aAnestezi, Obstetrik
_x Popüler çalışmalar
650 0 _aAnesthesia, Obstetrical
_x Popular Works
650 7 _aMEDICAL / Gynecology & Obstetrics
_2bisacsh
856 4 0 _uhttp://search.ebscohost.com/login.aspx?direct=true&scope=site&db=e011xww&AN=588581
999 _c4513
_d4513